000 00747cam a2200229 a 4500
001 1477781
005 20180216095827.0
008 870630s1987 nyua 000 0 eng
010 _a 87018384
020 _a0002179695 (returnable ed.) :
_c$39.95
020 _a0002179725 (nonreturnable ed.)
040 _aDLC
_cDLC
_dDLC
041 _aeng
043 _ae-ur---
080 _a947.0854.0222 fas
082 0 0 _a947.0854.0222 fas
_219
100 _a42
101 _agje
245 0 2 _aA Day in the life of the Soviet Union /
_cphotographed by 100 of the world's leading photojournalists on one day, May 15, 1987 ; project directors, Rick Smolan and David Cohen.
906 _a7
_bcbc
_corignew
_d1
_eocip
_f19
_gy-gencatlg
942 _2ddc
_cBK
999 _c42854
_d42854